[Event "Yaroslav the Wise op"]
[Site "Yaroslavl"]
[Date "2018.07.27"]
[Round "8"]
[White "Novikov, Sergey D"]
[Black "Akochenok, Daniil"]
[Result "1/2-1/2"]
[WhiteElo "2169"]
[BlackElo "2023"]
[PlyCount "40"]
[EventDate "2018.07.20"]
[EventType "swiss"]
[EventRounds "9"]
[EventCountry "RUS"]
[SourceTitle "CBM 186 Extra"]
[Source "ChessBase"]
[SourceDate "2018.08.24"]
[SourceVersion "1"]
[SourceVersionDate "2018.08.24"]
[SourceQuality "1"]

1. d4 Nf6 2. c4 e6 3. Nf3 c5 4. d5 exd5 5. cxd5 d6 6. Nc3 g6 7. e4 a6 8. a4 Bg4 9. Be2 Bxf3 10. Bxf3 Bg7 11. 0-0 0-0 12. Bf4 Ne8 13. Re1 Nd7 14. Bg4 Ne5 15. Be2 Nc7 16. Bg3 g5 17. a5 Rb8 18. Na4 Nb5 19. Nb6 Nd4 20. Bxe5 g4 1/2-1/2

[Event "Murmansk Basamro 2nd"]
[Site "Murmansk"]
[Date "2014.05.17"]
[Round "1.16"]
[White "Akochenok, Daniil"]
[Black "Kvachko, Anastasiya"]
[Result "1-0"]
[WhiteElo "1684"]
[BlackElo "1596"]
[PlyCount "91"]
[EventDate "2014.05.17"]
[EventType "team-tourn"]
[EventRounds "3"]
[EventCountry "RUS"]
[SourceTitle "EXT 2023"]
[Source "ChessBase"]
[SourceDate "2022.10.05"]
[SourceVersion "1"]
[SourceVersionDate "2022.10.05"]
[SourceQuality "1"]

1. d4 Nf6 2. c4 g6 3. Nc3 d5 4. cxd5 Nxd5 5. Bd2 Bg7 6. e4 Nb6 7. Be3 0-0 8. Be2 Nc6 9. Nf3 e5 10. d5 Ne7 11. Nd2 f5 12. f3 Kh8 13. 0-0 f4 14. Bc5 Nd7 15. Ba3 g5 16. Nc4 Rf6 17. Kh1 Rh6 18. d6 Ng6 19. dxc7 Qxc7 20. Nd6 Nf6 21. Nd5 Qd7 22. Nxf6 Bxf6 23. Qd5 Rh4 24. Rac1 Ne7 25. Rxc8+ Qxc8 26. Nf7+ Kg7 27. Bxe7 Bxe7 28. Nxe5 Qc5 29. Qxb7 Rc8 30. Nd3 Qc7 31. Qb5 Qc6 32. Qe5+ Bf6 33. Qf5 Rb8 34. e5 Be7 35. e6 Qe8 36. Ne5 Bf6 37. Nd7 Qd8 38. Nxb8 Qxb8 39. Rd1 Qxb2 40. Rd7+ Kg8 41. Qe4 Qa1+ 42. Rd1 Qe5 43. Qa8+ Kg7 44. Rd7+ Kh6 45. Qe4 Bg7 46. Qxe5 1-0

[Event "Wch U10"]
[Site "Al Ain"]
[Date "2013.12.28"]
[Round "11"]
[White "Akochenok, Daniil"]
[Black "Su, Zijin"]
[Result "0-1"]
[WhiteElo "1726"]
[BlackElo "1496"]
[PlyCount "160"]
[EventDate "2013.12.18"]
[EventType "swiss"]
[EventRounds "11"]
[EventCountry "UAE"]
[SourceTitle "CBM 158 Extra"]
[Source "ChessBase"]
[SourceDate "2014.02.28"]
[SourceVersion "1"]
[SourceVersionDate "2014.02.28"]
[SourceQuality "1"]

1. d4 f5 2. c4 Nf6 3. Nc3 g6 4. f3 Bg7 5. e4 fxe4 6. fxe4 d6 7. Nf3 0-0 8. Be2 Nbd7 9. 0-0 e5 10. d5 Nc5 11. Qc2 a5 12. Be3 Qe7 13. a3 Ng4 14. Bd2 a4 15. h3 Nf6 16. Be3 Nb3 17. Rad1 Bd7 18. Nb1 Nh5 19. Rfe1 Nf4 20. Bf1 c6 21. Nc3 c5 22. Kh2 Nd4 23. Bxd4 exd4 24. Nb5 Nxh3 25. gxh3 Rxf3 26. Bg2 Rff8 27. Rf1 Qe5+ 28. Kg1 Qg3 29. Qd3 Rxf1+ 30. Kxf1 Rf8+ 31. Kg1 Qxd3 32. Rxd3 Be5 33. Nc7 Rc8 34. Ne6 b5 35. cxb5 Bxb5 36. Rd1 Bc4 37. Bf1 Bb3 38. Rd2 Bg3 39. Ba6 Ra8 40. Bb5 Be1 41. Re2 Ba5 42. Rf2 c4 43. Nxd4 Bb6 44. Rd2 Rf8 45. Kg2 Ba5 46. Re2 c3 47. bxc3 Bxc3 48. Ne6 Rb8 49. Rf2 h5 50. Bf1 Bd1 51. Bc4 Rb2 52. Nc7 Bc2 53. Kf1 Rb1+ 54. Ke2 Bxe4 55. Nb5 Be5 56. Ke3 Bf5 57. h4 Rh1 58. Rg2 Rxh4 59. Bd3 Rh3+ 60. Kf2 Rxd3 61. Nc7 Rd2+ 62. Kg1 Rxg2+ 63. Kxg2 Bb2 64. Nb5 Be4+ 65. Kg3 Be5+ 66. Kh4 Bxd5 67. Kg5 Kf7 68. Kh6 Bf4+ 69. Kh7 g5 70. Nd4 Be4+ 71. Kh6 Bg6 72. Ne2 Be3 73. Nf4 gxf4 74. Kg5 f3+ 75. Kh4 f2 76. Kg3 f1Q 77. Kh4 Qg1 78. Kh3 Qg4+ 79. Kh2 Bf4+ 80. Kh1 Be4# 0-1

[Event "Wch U10"]
[Site "Al Ain"]
[Date "2013.12.27"]
[Round "10"]
[White "Lakhoyan, Hrag"]
[Black "Akochenok, Daniil"]
[Result "0-1"]
[WhiteElo "1311"]
[BlackElo "1726"]
[PlyCount "116"]
[EventDate "2013.12.18"]
[EventType "swiss"]
[EventRounds "11"]
[EventCountry "UAE"]
[SourceTitle "CBM 158 Extra"]
[Source "ChessBase"]
[SourceDate "2014.02.28"]
[SourceVersion "1"]
[SourceVersionDate "2014.02.28"]
[SourceQuality "1"]

1. d4 f5 2. e4 fxe4 3. Nc3 Nf6 4. Bg5 Nc6 5. d5 Ne5 6. Qd4 Nf7 7. Bxf6 exf6 8. Nxe4 Be7 9. 0-0-0 0-0 10. f3 d6 11. g4 Ne5 12. h4 f5 13. gxf5 Bxf5 14. Bh3 Bxh3 15. Rxh3 Bxh4 16. Nc3 Rf4 17. Qd2 Bg5 18. Kb1 Rxf3 19. Qg2 Rxh3 20. Nxh3 Bh6 21. Rg1 Qe7 22. Ne4 Re8 23. Rf1 Ng4 24. Qxg4 Qxe4 25. Qxe4 Rxe4 26. a3 Rh4 27. Rf3 Rd4 28. Rf5 g6 29. Rf3 Rxd5 30. Rb3 b6 31. c4 Rd2 32. Rc3 Bg7 33. Rc2 Rxc2 34. Kxc2 h5 35. b4 Bh6 36. Kd3 g5 37. Kd4 g4 38. Ng1 g3 39. Ke4 h4 40. Kf3 c6 41. Kg4 Be3 42. Kxh4 Bxg1 43. Kxg3 d5 44. cxd5 cxd5 45. Kf3 d4 46. Ke2 Kf7 47. Kd3 Ke6 48. Kc4 b5+ 49. Kd3 Kd5 50. Kd2 Kc4 51. Kc2 Be3 52. a4 bxa4 53. b5 a3 54. b6 d3+ 55. Kb1 d2 56. Kc2 a2 57. b7 a1Q 58. b8Q Qc1# 0-1